Obuvnická a galanterní výroba /

Salvato in:
Dettagli Bibliografici
Autore principale: Židlík, Antonín (Autore)
Natura: Libro
Lingua:ceco
Pubblicazione: Praha : SNTL, 1984
Edizione:1.vyd.
Soggetti:
Tags: Aggiungi Tag
Nessun Tag, puoi essere il primo ad aggiungerne!!

MARC

LEADER 00000nam a22000003a 4500
001 stu38296
005 20150617225724.1
008 921013s1984----cs------------------cze-d
040 |a STU  |b slo 
041 0 |a cze 
044 |a cs 
080 |a 685.3 
080 |a 688.3(075.8) 
100 1 |a Židlík, Antonín  |4 aut 
245 1 |a Obuvnická a galanterní výroba /  |c [aut.]Antonín Židlík 
250 |a 1.vyd. 
260 |a Praha :  |b SNTL,  |c 1984 
300 |a 136 s 
650 7 |a Výroba obuvnícka  |2 stusub 
650 7 |a Výroba galantérna  |2 stusub 
650 7 |a Obuvníctvo  |2 stusub 
650 7 |a Galantéria  |2 stusub 
996 |b 284M047448  |c M*S-698-1  |l MMKN  |s A  |a 24  |w stu38296_0001